000 00752cab a2200217 4500
001 WB3014-76
008 090401t1994 xxu||||| |||| 00| 0 eng d
035 _a(Sirsi) u24396
041 _aeng
245 _aISA code to combat PII difficulties
260 _c1994
350 _a0
490 _aProperty Week
_v46(13) 31 March 1994, 8(1)
520 _aThe Independent Surveyors` Association is inviting its 700 members to adopt a tough new code of practice in order to find professional indemnity insurance cover.
650 _aINDEPENDENT SURVEYORS ASSOCATION
650 _aPROFESSIONAL INDEMNITY INSURANCE
690 _aINSURANCE
_96249
690 _aMANAGEMENT-BUSINESS MANAGEMENT-PROFESSIONAL PRACTICE
942 _n0
948 _c04/03/1997
999 _c16360
_d16360